Les Départements les plus froids - Statistiques

Statistiques générales
  • Ce quiz a été pris 91 fois
  • Le résultat moyen est 6 sur 10
Statistiques - réponses
°C Département % Correct
8,9 Haute-Savoie
91%
8,5 Savoie
91%
8,1 Hautes-Alpes
71%
9,5 Cantal
64%
10,2 Puy-de-Dôme
61%
11,6 Vosges
61%
11,1 Creuse
39%
11,5 Lozère
36%
10,5 Ariège
35%
11 Corrèze
34%
Aucun quiz correspondant
Distribution des résultats
% des personnes avec chaque résultat
Percentile par nombre de réponses
Votre historique - résultats
Vous n’avez pas pris ce quiz